000 00708nam a2200241Ia 4500
003 OSt
005 20220923224239.0
006 a|||||r|||| 00| 0
007 ta
008 220922b |||||||| |||| 00| 0 hin d
024 _a229,903
037 _cTextual
040 _aARTS
_cARTS
_bhin
041 _2hin
_ahin
082 _aO152,3N11,28, P5
100 _aअज्ञेय
245 0 _aअपने अपने अजनबी
246 _aApane apane ajanabī
260 _aनई दिल्ली
_b भारतीय ज्ञानपीठ
_c2005
300 _a87पृ.
_ccm.
942 _hO152,3N11,28, P5
_cTEXL
_2CC
999 _c370167
_d370167